[Event "Barra de Sao Miguel op"]
[Site "Barra de Sao Miguel"]
[Date "2019.10.13"]
[Round "6"]
[White "De Magalhaes, Jonathas Jose"]
[Black "De Lima, Alexsandro Barros"]
[Result "1/2-1/2"]
[WhiteElo "2097"]
[BlackElo "2232"]
[PlyCount "25"]
[EventDate "2019.10.10"]
[EventType "swiss"]
[EventRounds "7"]
[EventCountry "BRA"]
[SourceTitle "CBM 192 Extra"]
[Source "Chessbase"]
[SourceDate "2019.11.06"]
[SourceVersion "1"]
[SourceVersionDate "2019.11.06"]
[SourceQuality "1"]

1. Nf3 Nf6 2. g3 e6 3. Bg2 d5 4. d3 Be7 5. 0-0 c5 6. Nbd2 0-0 7. e4 Nc6 8. c3 b5 9. exd5 exd5 10. d4 cxd4 11. Nxd4 Qb6 12. N2b3 a5 13. Be3 1/2-1/2

[Event "Barra de Sao Miguel op"]
[Site "Barra de Sao Miguel"]
[Date "2019.10.13"]
[Round "7"]
[White "Dos Santos, Cleberson Nasciment"]
[Black "De Magalhaes, Jonathas Jose"]
[Result "0-1"]
[WhiteElo "1800"]
[BlackElo "2097"]
[PlyCount "102"]
[EventDate "2019.10.10"]
[EventType "swiss"]
[EventRounds "7"]
[EventCountry "BRA"]
[SourceTitle "CBM 192 Extra"]
[Source "Chessbase"]
[SourceDate "2019.11.06"]
[SourceVersion "1"]
[SourceVersionDate "2019.11.06"]
[SourceQuality "1"]

1. c4 e5 2. Nc3 Nf6 3. g3 g6 4. Bg2 Bg7 5. e3 d6 6. Nge2 0-0 7. 0-0 c6 8. b3 a5 9. Ba3 Re8 10. d4 e4 11. Qc2 Bf5 12. h3 h5 13. Nf4 Na6 14. h4 Nb4 15. Qd2 Bh6 16. Bxb4 axb4 17. Na4 Qa5 18. Nb2 Ng4 19. Rfe1 Rec8 20. f3 Nf6 21. fxe4 Nxe4 22. Bxe4 Bxe4 23. Nbd3 c5 24. Nf2 Bc6 25. d5 Bd7 26. Ne4 Bg7 27. Nxd6 Bxa1 28. Rxa1 Rf8 29. Qb2 Bf5 30. Nxf5 gxf5 31. Qf6 Qd8 32. Qh6 Ra6 33. Qxh5 Qf6 34. Qg5+ Qxg5 35. hxg5 Rfa8 36. Nd3 b6 37. Nc1 Kg7 38. Kf2 Kg6 39. Kf3 Kxg5 40. Rb1 Rh8 41. Rb2 Rh1 42. Nd3 Rf1+ 43. Ke2 Ra1 44. Rd2 R6xa2 45. Nb2 Rh1 46. Kf3 Rb1 47. e4 Rbxb2 48. Rxb2 Rxb2 49. e5 Rxb3+ 50. Kf2 Rd3 51. Ke2 Rd4 0-1

[Event "Barra de Sao Miguel op"]
[Site "Barra de Sao Miguel"]
[Date "2019.10.11"]
[Round "3"]
[White "De Magalhaes, Jonathas Jose"]
[Black "Reis, Paulo F Jatoba"]
[Result "1-0"]
[WhiteElo "2097"]
[BlackElo "2396"]
[PlyCount "40"]
[EventDate "2019.10.10"]
[EventType "swiss"]
[EventRounds "7"]
[EventCountry "BRA"]
[SourceTitle "CBM 192 Extra"]
[Source "Chessbase"]
[SourceDate "2019.11.06"]
[SourceVersion "1"]
[SourceVersionDate "2019.11.06"]
[SourceQuality "1"]

1. d4 d6 2. Nf3 g6 3. g3 Bg7 4. c4 Nf6 5. Nc3 0-0 6. Bg2 Nc6 7. 0-0 a6 8. h3 Rb8 9. a4 a5 10. e4 e5 11. Be3 exd4 12. Nxd4 Re8 13. Qd2 Ne5 14. b3 c5 15. Ndb5 Bxh3 16. Nxd6 Bxg2 17. Kxg2 Re6 18. Rad1 Qb6 19. Ncb5 Qc6 20. f3 b6 1-0

[Event "BRA-ch Amateur U2200"]
[Site "Sao Paulo"]
[Date "2019.06.23"]
[Round "7"]
[White "De Magalhaes, Jonathas Jose"]
[Black "Tomiello, Mateus Costamilan"]
[Result "0-1"]
[WhiteElo "2094"]
[BlackElo "2062"]
[PlyCount "68"]
[EventDate "2019.06.20"]
[EventType "swiss"]
[EventRounds "7"]
[EventCountry "BRA"]
[SourceTitle "EXT 2020"]
[Source "ChessBase"]
[SourceDate "2019.10.17"]
[SourceVersion "1"]
[SourceVersionDate "2019.10.17"]
[SourceQuality "1"]

1. d4 Nf6 2. c4 g6 3. Nc3 Bg7 4. e4 d6 5. Nf3 0-0 6. Be2 e5 7. d5 a5 8. 0-0 Na6 9. Be3 Ng4 10. Bg5 f6 11. Bh4 Qe8 12. Ne1 f5 13. Nc2 Bh6 14. exf5 gxf5 15. Bxg4 fxg4 16. Re1 Qg6 17. Ne3 Nb4 18. Rf1 Bxe3 19. fxe3 Rxf1+ 20. Qxf1 Nc2 21. Rc1 Nxe3 22. Qe2 Qh6 23. Ne4 Nxg2 24. Bg5 Nf4 25. Qe3 Nh3+ 26. Kh1 Nxg5 27. Nxg5 Bf5 28. c5 Rf8 29. cxd6 Qxd6 30. Rd1 c6 31. Qb3 cxd5 32. Qxb7 d4 33. Qb5 h6 34. Qb3+ Kg7 0-1

[Event "BRA-ch Amateur U2200"]
[Site "Sao Paulo"]
[Date "2019.06.20"]
[Round "2"]
[White "De Magalhaes, Jonathas Jose"]
[Black "Guerreiro, Alexandre Vieira"]
[Result "1-0"]
[WhiteElo "2094"]
[BlackElo "2013"]
[PlyCount "69"]
[EventDate "2019.06.20"]
[EventType "swiss"]
[EventRounds "7"]
[EventCountry "BRA"]
[SourceTitle "EXT 2020"]
[Source "ChessBase"]
[SourceDate "2019.10.17"]
[SourceVersion "1"]
[SourceVersionDate "2019.10.17"]
[SourceQuality "1"]

1. d4 Nf6 2. c4 e6 3. Nf3 Bb4+ 4. Bd2 c5 5. Bxb4 cxb4 6. Nbd2 d5 7. e3 0-0 8. Bd3 b6 9. 0-0 Bb7 10. Qa4 a5 11. c5 Qe7 12. Rfc1 Rc8 13. cxb6 Nbd7 14. Rxc8+ Bxc8 15. Qb5 Nb8 16. Ne5 Qb7 17. Rc1 Bd7 18. Qc5 Na6 19. Qe7 Bc6 20. Nxc6 Qxb6 21. Ne5 Rf8 22. Rc6 Qb8 23. Bxa6 b3 24. axb3 a4 25. b4 a3 26. bxa3 Qa8 27. b5 Kh8 28. Nxf7+ Kg8 29. Qxe6 h6 30. Nxh6+ Kh7 31. Nf5 Qb8 32. Qe7 Nh5 33. Rh6+ Kg8 34. Qe6+ Rf7 35. Ne7+ 1-0

[Event "Joao Pessoa op 6th"]
[Site "Joao Pessoa"]
[Date "2015.03.13"]
[Round "2"]
[White "Macedo, Alexandre Soares"]
[Black "De Magalhaes, Jonathas Jose"]
[Result "0-1"]
[WhiteElo "1869"]
[BlackElo "2069"]
[PlyCount "100"]
[EventDate "2015.03.13"]
[EventType "swiss"]
[EventRounds "6"]
[EventCountry "BRA"]
[SourceTitle "CBM 165 Extra"]
[Source "ChessBase"]
[SourceDate "2015.04.21"]
[SourceVersion "1"]
[SourceVersionDate "2015.04.21"]
[SourceQuality "1"]

1. d4 Nf6 2. c4 g6 3. Nc3 Bg7 4. e4 d6 5. f3 0-0 6. Be3 e5 7. d5 c6 8. Bd3 cxd5 9. cxd5 Nbd7 10. Nge2 Qa5 11. Qd2 Nc5 12. Bc2 a6 13. a3 Qc7 14. b4 Ncd7 15. Rc1 Qd8 16. a4 Nh5 17. a5 f5 18. 0-0 f4 19. Bf2 g5 20. Na4 Nhf6 21. Bb3 g4 22. Kh1 Qe8 23. Rc3 Qg6 24. Rfc1 g3 25. Bb6 gxh2 26. Kxh2 Nh5 27. Qe1 Bh6 28. R1c2 Ng3 29. Kg1 Nf6 30. Bf2 Nfh5 31. Bxg3 fxg3 32. Nb6 Rb8 33. f4 Bg4 34. f5 Qg5 35. Nxg3 Qh4 36. Qf2 Bf4 37. Nxh5 Qh2+ 38. Kf1 Qh1+ 39. Qg1 Qxh5 40. Nd7 Bd1 41. g4 Qh4 42. Rg2 Bxb3 43. Rxb3 Rbc8 44. Rb1 Rfd8 45. Nb6 Rc3 46. Qf2 Qh3 47. Kg1 Be3 48. Rf1 Bxf2+ 49. Rfxf2 Rc1+ 50. Rf1 Qe3+ 0-1

[Event "Maceio II IRT de Alagoas"]
[Site "Maceio"]
[Date "2010.10.24"]
[Round "4"]
[White "Azevedo Junior, Jose Ferreira"]
[Black "De Magalhaes, Jonathas Jose"]
[Result "0-1"]
[WhiteElo "2044"]
[BlackElo "2036"]
[PlyCount "74"]
[EventDate "2010.10.22"]
[EventType "tourn"]
[EventRounds "11"]
[EventCountry "BRA"]
[SourceTitle "EXT 2022"]
[Source "ChessBase"]
[SourceDate "2021.10.06"]
[SourceVersion "1"]
[SourceVersionDate "2021.10.06"]
[SourceQuality "1"]

1. c4 e5 2. Nc3 d6 3. g3 Nf6 4. Bg2 g6 5. Nf3 Bg7 6. 0-0 0-0 7. d3 Nbd7 8. Rb1 c6 9. b4 Nh5 10. Bg5 Qc7 11. b5 Nc5 12. Nd2 Bd7 13. Nb3 Ne6 14. Bd2 f5 15. e3 f4 16. Ne4 fxg3 17. hxg3 Nf6 18. a4 Nxe4 19. Bxe4 Ng5 20. f3 Bh3 21. Re1 Be6 22. bxc6 bxc6 23. f4 Nxe4 24. dxe4 Bxc4 25. Na5 Ba6 26. Bb4 Rfd8 27. Qb3+ Kh8 28. Rec1 c5 29. Qd5 Qd7 30. Be1 exf4 31. exf4 Qxa4 32. Rd1 Re8 33. Nc6 Bb5 34. Ne7 Qc4 35. Rxb5 Qxb5 36. Qxd6 Qb6 37. Qd7 Rad8 0-1

[Event "Salvador Bahia Sergipe"]
[Site "Salvador"]
[Date "2010.08.01"]
[Round "6.3"]
[White "De Magalhaes, Jonathas Jose"]
[Black "Patroclo, Arthur Ruiz"]
[Result "0-1"]
[WhiteElo "2054"]
[BlackElo "2107"]
[PlyCount "104"]
[EventDate "2010.07.30"]
[EventType "swiss"]
[EventRounds "6"]
[EventCountry "BRA"]
[SourceTitle "EXT 2022"]
[Source "ChessBase"]
[SourceDate "2021.10.06"]
[SourceVersion "1"]
[SourceVersionDate "2021.10.06"]
[SourceQuality "1"]

1. e4 c5 2. Nf3 d6 3. d4 cxd4 4. Nxd4 Nf6 5. Nc3 g6 6. Be3 Bg7 7. f3 Nc6 8. Qd2 Bd7 9. Bc4 0-0 10. 0-0-0 Rb8 11. h4 Ne5 12. Bb3 b5 13. Bg5 Nc4 14. Qd3 Ne5 15. Qe2 b4 16. Bxf6 bxc3 17. Bxg7 cxb2+ 18. Kxb2 Kxg7 19. h5 a5 20. hxg6 hxg6 21. Kc1 Rh8 22. a4 Rb4 23. Qe3 Bxa4 24. Nf5+ gxf5 25. Qg5+ Ng6 26. exf5 e6 27. Qxd8 Rxd8 28. fxg6 Kxg6 29. Rd3 Rc8 30. Kd2 Bxb3 31. cxb3 d5 32. Ra1 Rc5 33. g3 Kf5 34. Ra2 e5 35. Ra1 d4 36. Ra2 Ke6 37. g4 Kf6 38. Ra1 Kg5 39. Ra2 f6 40. Ra1 Rb8 41. Rh1 Kg6 42. f4 a4 43. fxe5 fxe5 44. Rdh3 Rxb3 45. Rh6+ Kg5 46. Ra6 a3 47. Rh8 Kf4 48. Rf8+ Ke4 49. Rfa8 Rb2+ 50. Kd1 Rcc2 51. Rxa3 Rh2 52. Kc1 Rbg2 0-1

[Event "Maceio"]
[Site "Maceio"]
[Date "2010.03.13"]
[Round "2"]
[White "De Lima, Carlos Alexandre"]
[Black "De Magalhaes, Jonathas Jose"]
[Result "1-0"]
[WhiteElo "1996"]
[BlackElo "1985"]
[PlyCount "71"]
[EventDate "2010.03.12"]
[EventType "tourn"]
[EventRounds "11"]
[EventCountry "BRA"]
[SourceTitle "EXT 2011"]
[Source "ChessBase"]
[SourceDate "2010.11.26"]
[SourceVersion "1"]
[SourceVersionDate "2010.11.26"]
[SourceQuality "1"]

1. e4 c5 2. Nf3 d6 3. d4 cxd4 4. Nxd4 Nf6 5. Nc3 a6 6. Bg5 e6 7. f4 Qb6 8. Nb3 Qc7 9. Qf3 b5 10. 0-0-0 Bb7 11. a3 Nbd7 12. g4 Rc8 13. Bxf6 gxf6 14. f5 Ne5 15. Qg2 Rg8 16. fxe6 fxe6 17. h3 Be7 18. Nd4 Kf7 19. Qf2 Qb6 20. Qh4 Rg7 21. Qh5+ Ng6 22. Be2 Rxc3 23. bxc3 Bxe4 24. Rhf1 Qa5 25. Kb2 d5 26. Ra1 Qc7 27. Bf3 Bxf3 28. Nxf3 Kg8 29. Nd4 Qd7 30. g5 fxg5 31. Rae1 Qd6 32. Rxe6 Qxa3+ 33. Kb1 Qxc3 34. Nf5 Ba3 35. Re8+ Nf8 36. Nh6+ 1-0

[Event "Maceio"]
[Site "Maceio"]
[Date "2010.03.12"]
[Round "1"]
[White "Carvalho, Felipe Lobo C"]
[Black "De Magalhaes, Jonathas Jose"]
[Result "1/2-1/2"]
[WhiteElo "2145"]
[BlackElo "1985"]
[PlyCount "57"]
[EventDate "2010.03.12"]
[EventType "tourn"]
[EventRounds "11"]
[EventCountry "BRA"]
[SourceTitle "EXT 2011"]
[Source "ChessBase"]
[SourceDate "2010.11.26"]
[SourceVersion "1"]
[SourceVersionDate "2010.11.26"]
[SourceQuality "1"]

1. e4 c5 2. Nf3 d6 3. d4 cxd4 4. Nxd4 Nf6 5. Nc3 a6 6. Bg5 e6 7. f4 Qb6 8. Qd2 Qxb2 9. Rb1 Qa3 10. e5 dxe5 11. fxe5 Nfd7 12. Bc4 Qc5 13. Bxe6 fxe6 14. Nxe6 Qxe5+ 15. Kd1 Qxe6 16. Re1 Ne5 17. Qd8+ Kf7 18. Rf1+ Kg6 19. Bd2 Qg4+ 20. Ne2 Nf7 21. Qd3+ Bf5 22. Rxf5 Qxf5 23. Nf4+ Kf6 24. Nd5+ Kg6 25. Nf4+ Kf6 26. Nd5+ Kg6 27. Nf4+ Kf6 28. Nd5+ Kg6 29. Nf4+ 1/2-1/2

[Event "Aracaju Gambit op"]
[Site "Aracaju"]
[Date "2009.08.07"]
[Round "1"]
[White "De Magalhaes, Jonathas Jose"]
[Black "Da Rocha, Fabio"]
[Result "0-1"]
[WhiteElo "1985"]
[BlackElo "1914"]
[PlyCount "39"]
[EventDate "2009.08.07"]
[EventType "swiss"]
[EventRounds "6"]
[EventCountry "BRA"]
[SourceTitle "EXT 2022"]
[Source "ChessBase"]
[SourceDate "2021.10.06"]
[SourceVersion "1"]
[SourceVersionDate "2021.10.06"]
[SourceQuality "1"]

1. e4 d6 2. d4 g6 3. Nc3 Bg7 4. f4 c5 5. dxc5 Qa5 6. Bd2 Qxc5 7. Nf3 Nc6 8. Bd3 Nf6 9. Qe2 0-0 10. Be3 Qb4 11. 0-0 Qxb2 12. Nb5 Qb4 13. Rab1 Qa5 14. Kh1 Ng4 15. Bd2 Qd8 16. h3 Nf6 17. f5 e5 18. fxg6 hxg6 19. Bg5 Be6 20. Ng1 0-1